| 000 | 01036nam1a22002531i 4500 | ||
|---|---|---|---|
| 001 | v19\rc\2100957 | ||
| 005 | 20260407011028.0 | ||
| 035 | _a(NLR Aleph) 005176384 | ||
| 090 |
_a5103944 _c5103944 |
||
| 100 | _a20090914d18201820m y0rusy50 ca | ||
| 101 | 0 | _arus | |
| 102 | _aRU | ||
| 140 | _aa a bkb yyy | ||
| 200 | 1 |
_aКраткия записки из военных наук извлеченныя _eиз лучших и новейших сочинений в пользу воспитанников Горнаго кадетскаго корпуса |
|
| 210 |
_a[Санкт-Петербург] _d1820 |
||
| 215 | _d2° | ||
| 300 | _aТекст полностью литограф. | ||
| 518 | 1 | _aКраткие записки из военных наук извлеченные | |
| 712 | 0 | 2 |
_aГорный кадетский корпус _cПетербург _3RU\NLR\AUTH\889998308 _9493969 |
| 801 | 0 |
_aRU _bNLR _gpsbo |
|
| 801 | 1 |
_aRU _bProSoft-M _2rusmarc |
|
| 852 |
_aNLR _j18.112.1.248 |
||
| 942 | _cBOOK | ||